[Event "British Championship"]
[Site "Torquay"]
[Date "2009.07.30"]
[Round "4.16"]
[White "LeMoir, David A"]
[Black "Rendle, Thomas"]
[Result "0-1"]
[WhiteElo "2009"]
[BlackElo "2377"]
[PlyCount "124"]
[EventDate "2009.07.27"]
[EventRounds "11"]
[EventCountry "ENG"]

1. e4 e6 2. d3 d5 3. Nd2 Nf6 4. Ngf3 Bc5 5. h3 Nc6 6. c3 Bb6 7. Qc2 e5 8. Be2
O-O 9. g4 Be6 10. Nf1 Qe7 11. Ng3 Qc5 12. Bd1 dxe4 13. dxe4 Bc4 14. b4 Qd6 15.
Be2 Bxe2 16. Qxe2 Rad8 17. g5 Ne8 18. Nf5 Qd3 19. Bb2 Qxe2+ 20. Kxe2 Nd6 21.
Nxd6 cxd6 22. Nd2 f5 23. gxf6 Rxf6 24. Raf1 Rdf8 25. f3 Rg6 26. a4 a6 27. a5
Rg2+ 28. Kd3 Bf2 29. Bc1 Ne7 30. Ke2 Ba7+ 31. Kd3 Bf2 32. Ke2 Ba7+ 33. Kd3 Rg3
34. Nc4 Rgxf3+ 35. Rxf3 Rxf3+ 36. Kc2 Nc8 37. Rd1 Bb8 38. h4 Rf2+ 39. Kb3 h6
40. Nb6 Nxb6 41. axb6 Rf3 42. Kc4 Kf7 43. h5 Rg3 44. Rd3 Rg1 45. Bd2 Ke6 46.
Rf3 Rg4 47. Rf8 d5+ 48. Kb3 Bd6 49. exd5+ Kxd5 50. Rc8 Ke6 51. c4 Rg3+ 52. Kc2
Kd7 53. Rg8 e4 54. Bc3 Kc6 55. Rc8+ Kd7 56. Rg8 Rg2+ 57. Kd1 g5 58. hxg6 e3 59.
Be1 e2+ 60. Kc2 Bxb4 61. g7 Bxe1 62. Rb8 Bb4 0-1

[Event "British Championship"]
[Site "Torquay"]
[Date "2009.07.30"]
[Round "4.17"]
[White "Littlewood, Paul E"]
[Black "Surtees, Michael"]
[Result "0-1"]
[WhiteElo "2358"]
[BlackElo "2149"]
[PlyCount "74"]
[EventDate "2009.07.27"]
[EventRounds "11"]
[EventCountry "ENG"]

1. d4 c6 2. Nf3 f6 3. c4 e5 4. Nc3 Bb4 5. dxe5 fxe5 6. Qb3 Bxc3+ 7. Qxc3 d6 8.
Bg5 Nf6 9. O-O-O Qe7 10. c5 dxc5 11. Nxe5 Be6 12. e3 b5 13. Be2 O-O 14. Ng4
Nbd7 15. e4 Rf7 16. Nxf6+ Nxf6 17. Qe3 Qf8 18. Bxf6 Rxf6 19. Kb1 Kh8 20. f3 Qe7
21. Rd2 Bg8 22. Rc1 c4 23. Rcd1 b4 24. Rd7 Qe5 25. Rd8 Rf8 26. Rxf8 Rxf8 27.
Qxa7 Qxh2 28. Qe7 Rb8 29. Qd6 Qxg2 30. Qxb8 Qxe2 31. Rd8 Qe1+ 32. Kc2 Qe2+ 33.
Kb1 Qf1+ 34. Kc2 Qe2+ 35. Rd2 b3+ 36. axb3 cxb3+ 37. Kc1 Qc4+ 0-1

[Event "British Championship"]
[Site "Torquay"]
[Date "2009.07.30"]
[Round "4.18"]
[White "Sowray, Peter J"]
[Black "Griffiths, Ryan-Rhya"]
[Result "1/2-1/2"]
[WhiteElo "2335"]
[BlackElo "2137"]
[PlyCount "70"]
[EventDate "2009.07.27"]
[EventRounds "11"]
[EventCountry "ENG"]

1. c4 c5 2. Nf3 Nc6 3. g3 g6 4. Bg2 Bg7 5. Nc3 e5 6. a3 Nge7 7. Rb1 a5 8. O-O
O-O 9. Ne1 d6 10. Nc2 Be6 11. Ne3 Qd7 12. Ned5 Rab8 13. d3 Bh3 14. Bg5 f6 15.
Bd2 Bxg2 16. Kxg2 Nxd5 17. Nxd5 b5 18. e4 f5 19. f3 bxc4 20. dxc4 fxe4 21. fxe4
Rxf1 22. Qxf1 a4 23. Bc3 Nd4 24. Qd3 Ne6 25. Rf1 Ng5 26. Nf6+ Bxf6 27. Rxf6 Qc6
28. Rxd6 Qxe4+ 29. Qxe4 Nxe4 30. Rd5 Nxc3 31. bxc3 Rb3 32. Rxe5 Rxa3 33. Rxc5
Rxc3 34. Rc7 a3 35. Ra7 Rxc4 1/2-1/2

[Event "British Championship"]
[Site "Torquay"]
[Date "2009.07.30"]
[Round "4.19"]
[White "Gill, Neville"]
[Black "Lalic, Susan"]
[Result "1-0"]
[WhiteElo "2111"]
[BlackElo "2334"]
[PlyCount "101"]
[EventDate "2009.07.27"]
[EventRounds "11"]
[EventCountry "ENG"]

1. d4 Nf6 2. c4 e6 3. Nc3 Bb4 4. Qc2 d5 5. cxd5 exd5 6. Bg5 h6 7. Bxf6 Qxf6 8.
a3 Bxc3+ 9. Qxc3 O-O 10. e3 c6 11. Nf3 Bf5 12. Be2 Nd7 13. b4 Rfe8 14. O-O Re6
15. Rfc1 Be4 16. Nd2 Qg5 17. Nxe4 dxe4 18. b5 h5 19. bxc6 bxc6 20. Rab1 Rg6 21.
Bf1 Nb6 22. Qc5 Qg4 23. Qe7 Nd5 24. Qb7 Rc8 25. Qxa7 f5 26. Qd7 Rc7 27. Qe8+
Kh7 28. Rb8 Rf6 29. Bc4 Re7 30. Qg8+ Kh6 31. h3 Qh4 32. Bxd5 cxd5 33. Qxd5 f4
34. Rh8+ Kg6 35. Rc5 fxe3 36. fxe3 Ra7 37. Qxh5+ Qxh5 38. Rhxh5 Rxa3 39. Rhg5+
Kh6 40. Rg3 Ra1+ 41. Kh2 Rff1 42. Rg4 Rh1+ 43. Kg3 Ra2 44. Rxe4 Rg1 45. Rh4+
Kg6 46. Rg4+ Kf6 47. Kh2 Re1 48. Re5 Ree2 49. h4 Rad2 50. h5 Rd3 51. Rf4# 1-0

[Event "British Championship"]
[Site "Torquay"]
[Date "2009.07.30"]
[Round "4.20"]
[White "Reynolds, D Ian W"]
[Black "Briscoe, Christopher"]
[Result "0-1"]
[WhiteElo "2092"]
[BlackElo "2268"]
[PlyCount "120"]
[EventDate "2009.07.27"]
[EventRounds "11"]
[EventCountry "ENG"]

1. e4 c5 2. c3 d5 3. exd5 Qxd5 4. d4 Nc6 5. Nf3 Bg4 6. dxc5 Qxd1+ 7. Kxd1 e5 8.
b4 a5 9. Bb5 Nge7 10. Bb2 e4 11. h3 O-O-O+ 12. Kc1 exf3 13. hxg4 fxg2 14. Rg1
axb4 15. Rxg2 Ng6 16. Bxc6 bxc6 17. cxb4 Nf4 18. Rh2 Nd3+ 19. Kc2 Nxb4+ 20. Kb3
Nd3 21. Bc3 Nxc5+ 22. Kc4 Na4 23. Bd4 Rxd4+ 24. Kxd4 g6 25. Kc4 Bg7 26. Kb4
Bxa1 27. Kxa4 h5 28. f3 Kd7 29. Nd2 Be5 30. Rh3 h4 31. Kb4 g5 32. Ne4 f6 33. a4
Rb8+ 34. Kc4 Ra8 35. Nc5+ Ke7 36. Rh1 Bd6 37. Ra1 Bxc5 38. Kxc5 Ra6 39. a5 Ke6
40. Re1+ Kf7 41. Ra1 f5 42. Kd6 h3 43. Rh1 fxg4 44. fxg4 Rxa5 45. Rxh3 Rd5+ 46.
Kxc6 Rd4 47. Rf3+ Ke6 48. Re3+ Kf6 49. Rf3+ Rf4 50. Rg3 Ke5 51. Kc5 Rf1 52. Rc3
Kf4 53. Kd5 Kxg4 54. Ke5 Rf3 55. Rc8 Kg3 56. Ke4 g4 57. Rg8 Rf7 58. Rg6 Kh3 59.
Rg8 g3 60. Ke3 Kh2 0-1

[Event "British Championship"]
[Site "Torquay"]
[Date "2009.07.30"]
[Round "4.21"]
[White "Yeo, Michael J"]
[Black "Sugden, John N"]
[Result "0-1"]
[WhiteElo "2136"]
[BlackElo "2217"]
[PlyCount "56"]
[EventDate "2009.07.27"]
[EventRounds "11"]
[EventCountry "ENG"]

1. e4 c6 2. d4 d5 3. e5 Bf5 4. Nc3 e6 5. g4 Bg6 6. Nge2 c5 7. h4 f6 8. Nf4 Bf7
9. exf6 cxd4 10. Qxd4 gxf6 11. Qa4+ Nc6 12. Bg2 a6 13. Nce2 e5 14. Nh3 Qd7 15.
c3 Bc5 16. Ng3 Nge7 17. Bh6 Rg8 18. g5 f5 19. O-O-O O-O-O 20. Rhe1 Qc7 21. Kb1
Qb6 22. Rd2 d4 23. Bxc6 Nxc6 24. cxd4 Bb4 25. Red1 Bxd2 26. Rxd2 Rxd4 27. Rxd4
Nxd4 28. g6 Qxg6 0-1

[Event "British Championship"]
[Site "Torquay"]
[Date "2009.07.30"]
[Round "4.22"]
[White "Ross, Chris"]
[Black "De Coverly, Roger"]
[Result "1-0"]
[WhiteElo "2203"]
[BlackElo "2127"]
[PlyCount "95"]
[EventDate "2009.07.27"]
[EventRounds "11"]
[EventCountry "ENG"]

1. e4 c5 2. Nf3 b6 3. d4 cxd4 4. Nxd4 Bb7 5. Bd3 e6 6. O-O a6 7. c4 d6 8. Nc3
Nf6 9. f4 Be7 10. Be3 Qc7 11. Rc1 Nbd7 12. b4 O-O 13. Qe2 Rfe8 14. Nb3 Bf8 15.
g4 g6 16. g5 Nh5 17. Qf2 Rac8 18. Be2 Ng7 19. h4 Qd8 20. a3 f5 21. gxf6 Qxf6
22. Qg3 d5 23. f5 exf5 24. Bg5 Qd6 25. Bf4 Qe7 26. Bg5 Qd6 27. Bf4 Qe7 28. exd5
Nf6 29. Rfe1 Qd7 30. Qf2 Nfh5 31. Bh2 Qd8 32. c5 Be7 33. Bxh5 Nxh5 34. c6 Bxc6
35. dxc6 Rxc6 36. Rcd1 Qc8 37. Nd5 Re6 38. Nd4 Rxe1+ 39. Rxe1 Bf6 40. Nxf6+
Nxf6 41. Qa2+ Kh8 42. Be5 Kg7 43. Qb2 Kf7 44. Qb3+ Kg7 45. Nf3 h6 46. Qb2 Rf8
47. Bxf6+ Rxf6 48. Re7+ 1-0

[Event "British Championship"]
[Site "Torquay"]
[Date "2009.07.30"]
[Round "4.23"]
[White "McClement, Andrew"]
[Black "Varnam, Liam"]
[Result "0-1"]
[WhiteElo "1893"]
[BlackElo "2167"]
[PlyCount "82"]
[EventDate "2009.07.27"]
[EventRounds "11"]
[EventCountry "ENG"]

1. Nf3 Nc6 2. d4 d5 3. g3 Bg4 4. Bg2 Qd7 5. Nc3 e6 6. O-O O-O-O 7. a3 f5 8. b4
Bxf3 9. exf3 g6 10. Bb2 Bg7 11. Ne2 Nf6 12. Nc1 h5 13. Re1 Rde8 14. Nb3 b6 15.
Bf1 Nb8 16. a4 Bf8 17. c3 h4 18. b5 g5 19. a5 g4 20. axb6 cxb6 21. c4 hxg3 22.
fxg3 gxf3 23. Qxf3 Qh7 24. Qg2 f4 25. cxd5 f3 26. Rec1+ Kb7 27. Qc2 Ne4 28. Bd3
exd5 29. Bxe4 dxe4 30. Rf1 Rc8 31. Qf2 Bh6 32. Rfe1 Qf5 33. Bc1 Qxb5 34. Bxh6
Qxb3 35. Reb1 Qd3 36. Rd1 Qe2 37. Be3 Rc2 38. Rd2 Rxd2 39. Bxd2 Qxf2+ 40. Kxf2
Rxh2+ 41. Ke3 Re2+ 0-1

[Event "British Championship"]
[Site "Torquay"]
[Date "2009.07.30"]
[Round "4.24"]
[White "Gavriel, Tryfon"]
[Black "Warman, Simon M"]
[Result "0-1"]
[WhiteElo "2138"]
[BlackElo "2156"]
[PlyCount "64"]
[EventDate "2009.07.27"]
[EventRounds "11"]
[EventCountry "ENG"]

1. e4 c5 2. b3 e6 3. Bb2 d5 4. e5 Nc6 5. f4 Nh6 6. Nf3 Be7 7. Bb5 Bd7 8. Bxc6
Bxc6 9. d3 Nf5 10. Qe2 d4 11. O-O Ne3 12. Rc1 g5 13. f5 g4 14. Nfd2 exf5 15.
Nc4 Nxg2 16. Nd6+ Bxd6 17. exd6+ Ne3 18. c3 Qxd6 19. cxd4 cxd4 20. Rc4 g3 21.
h3 Qd5 22. Rxc6 bxc6 23. Nc3 Qe5 24. Ne4 fxe4 25. Qxe3 c5 26. dxe4 Rg8 27. b4
dxe3 28. Bxe5 cxb4 29. Kg2 Rd8 30. Bxg3 e2 31. Kf2 Rd1 32. Be5 e1=Q+ 0-1

[Event "British Championship"]
[Site "Torquay"]
[Date "2009.07.30"]
[Round "4.25"]
[White "Hanley, James L"]
[Black "Mueller, Jan"]
[Result "1-0"]
[WhiteElo "2277"]
[BlackElo "2149"]
[PlyCount "87"]
[EventDate "2009.07.27"]
[EventRounds "11"]
[EventCountry "ENG"]

1. e4 c5 2. Nc3 d6 3. Nf3 Nf6 4. d4 cxd4 5. Nxd4 g6 6. Bc4 Bg7 7. O-O Nc6 8.
Re1 O-O 9. Bb3 Nxd4 10. Qxd4 Qa5 11. h3 Be6 12. Bd2 Qh5 13. Qd3 Nd7 14. Rad1
Nc5 15. Qe3 a5 16. Nd5 a4 17. Bc4 Bxd5 18. exd5 Qh4 19. b3 axb3 20. axb3 Ra2
21. Qxe7 Qxe7 22. Rxe7 Rxc2 23. Bf4 Rd8 24. Rde1 Bf6 25. Re8+ Rxe8 26. Rxe8+
Kg7 27. Bxd6 Bd4 28. Bg3 Rc3 29. Kh2 Nxb3 30. Bb5 Rc5 31. Be2 Bf6 32. Bd6 Bd4
33. Bf8+ Kf6 34. d6 Be5+ 35. g3 Rd5 36. Bc4 Rd2 37. Bxb3 Rxf2+ 38. Kh1 Rd2 39.
Be7+ Kf5 40. d7 Rxd7 41. Bc2+ Ke6 42. Bg5+ Kd6 43. Ba4 Rc7 44. Rxe5 1-0

[Event "British Championship"]
[Site "Torquay"]
[Date "2009.07.30"]
[Round "4.26"]
[White "Raoof, Adam"]
[Black "White, Michael"]
[Result "0-1"]
[WhiteElo "2148"]
[BlackElo "2259"]
[PlyCount "50"]
[EventDate "2009.07.27"]
[EventRounds "11"]
[EventCountry "ENG"]

1. d4 Nf6 2. Nf3 g6 3. Bf4 Bg7 4. e3 d6 5. h3 O-O 6. Be2 Nbd7 7. c4 e5 8. Bh2
Ne4 9. Nc3 Nxc3 10. bxc3 Qe7 11. c5 dxc5 12. O-O cxd4 13. cxd4 c5 14. dxc5 Nxc5
15. Nd2 Rd8 16. Qc2 b6 17. Nc4 Bf5 18. Qc3 Na4 19. Qb3 Nc5 20. Qc3 Bd3 21. Rae1
Ne4 22. Qa3 Qxa3 23. Nxa3 Nd2 24. Bxd3 Rxd3 25. Rd1 Rad8 0-1

[Event "British Championship"]
[Site "Torquay"]
[Date "2009.07.30"]
[Round "4.27"]
[White "Anderson, John"]
[Black "Hegarty, Sarah"]
[Result "0-1"]
[WhiteElo "2248"]
[BlackElo "2098"]
[PlyCount "90"]
[EventDate "2009.07.27"]
[EventRounds "11"]
[EventCountry "ENG"]

1. e4 c5 2. Nf3 Nc6 3. d4 cxd4 4. Nxd4 g6 5. c4 Bg7 6. Nc2 d6 7. Be2 f5 8. exf5
Bxf5 9. Ne3 Bxb1 10. Rxb1 Nf6 11. O-O O-O 12. b3 Kh8 13. Bb2 Qa5 14. a3 Qg5 15.
Qc2 Rf7 16. Rbd1 Raf8 17. g3 a5 18. Ng2 Ne8 19. Rd5 Qh6 20. Rb5 Nd4 21. Bxd4
Bxd4 22. Nf4 Rxf4 23. gxf4 Qxf4 24. Qd3 Bxf2+ 25. Kg2 e5 26. Rxb7 Ng7 27. Qf3
Qg5+ 28. Qg4 Qe3 29. Bf3 h5 30. Qe4 Nf5 31. Rxf2 Qg5+ 32. Kh3 Nd4 33. Rb5 Ne6
34. Rg2 Nf4+ 35. Qxf4 Qxf4 36. Bd5 g5 37. Rb7 g4+ 38. Kh4 Qf6+ 39. Kxh5 Qf5+
40. Kh4 Qf6+ 41. Kxg4 Qf4+ 42. Kh3 Qh6+ 43. Kg3 Qg5+ 44. Kh3 Qh5+ 45. Kg3 e4
0-1

[Event "British Championship"]
[Site "Torquay"]
[Date "2009.07.30"]
[Round "4.28"]
[White "Shaw, Peter"]
[Black "McPhillips, Karl"]
[Result "1-0"]
[WhiteElo "2123"]
[BlackElo "2231"]
[PlyCount "115"]
[EventDate "2009.07.27"]
[EventRounds "11"]
[EventCountry "ENG"]

1. d4 Nf6 2. c4 e6 3. Nc3 Bb4 4. Qc2 d5 5. a3 Bxc3+ 6. Qxc3 c5 7. dxc5 d4 8.
Qc2 e5 9. e3 Nc6 10. b4 O-O 11. Nf3 Bg4 12. Be2 Bxf3 13. gxf3 Re8 14. Bb2 e4
15. fxe4 dxe3 16. fxe3 Nxe4 17. O-O Qg5+ 18. Kh1 Qxe3 19. Bh5 g6 20. Qg2 Rad8
21. Rae1 Qd2 22. Bf3 Qxg2+ 23. Bxg2 Nd2 24. Rxe8+ Rxe8 25. Rd1 Nxc4 26. Bf6
Nxa3 27. h4 Nc4 28. b5 N6e5 29. Bxb7 Ng4 30. Bd4 Rd8 31. Bf3 Nge5 32. Bxe5
Rxd1+ 33. Bxd1 Nxe5 34. c6 Nc4 35. c7 Nd6 36. Bg4 f5 37. Bf3 Kf7 38. Bb7 Kf6
39. c8=Q Nxc8 40. Bxc8 Ke5 41. Kg2 Kf4 42. Kh3 Ke3 43. Bb7 Kf2 44. Bd5 h6 45.
Be6 Kf3 46. h5 gxh5 47. Bxf5 Ke3 48. Kh4 Kd4 49. Bh3 Kc5 50. Bf1 Kb6 51. Kxh5
Kb7 52. Kxh6 Kb6 53. Kg5 Kb7 54. Kf4 Kc7 55. Ke5 Kb6 56. Kd4 Kc7 57. Kc5 Kb7
58. Kb4 1-0

[Event "British Championship"]
[Site "Torquay"]
[Date "2009.07.30"]
[Round "4.29"]
[White "Adair, James"]
[Black "Green, Andrew"]
[Result "1-0"]
[WhiteElo "2124"]
[BlackElo "2203"]
[PlyCount "85"]
[EventDate "2009.07.27"]
[EventRounds "11"]
[EventCountry "ENG"]

1. e4 Nf6 2. e5 Nd5 3. d4 d6 4. c4 Nb6 5. exd6 exd6 6. Nc3 Nc6 7. Be3 Be7 8.
Nf3 Bg4 9. h3 Bxf3 10. Qxf3 O-O 11. h4 a5 12. O-O-O f5 13. g3 Kh8 14. c5 Nd7
15. Bb5 Nb4 16. Bc4 c6 17. Be6 d5 18. a3 Na6 19. Nxd5 cxd5 20. Qxd5 Nf6 21.
Qxb7 g6 22. Bc4 Nc7 23. d5 Rb8 24. Qc6 Ncxd5 25. Bxd5 Rc8 26. Bf3 Rxc6 27. Rxd8
Rxd8 28. Bxc6 Bxc5 29. Bxc5 Rc8 30. Bd4 Rxc6+ 31. Kb1 Kg8 32. Rc1 Rd6 33. Rc8+
Kf7 34. Rc7+ Nd7 35. Bc3 a4 36. Ra7 Ke6 37. Rxa4 Nc5 38. Rd4 Rb6 39. f3 h5 40.
Kc2 Nd7 41. Rd1 Rc6 42. b4 Nb6 43. Kb3 1-0

[Event "British Championship"]
[Site "Torquay"]
[Date "2009.07.30"]
[Round "4.30"]
[White "Smith, Graham M"]
[Black "Littlewood, John Eric"]
[Result "1-0"]
[WhiteElo "2119"]
[BlackElo "2188"]
[PlyCount "89"]
[EventDate "2009.07.27"]
[EventRounds "11"]
[EventCountry "ENG"]

1. d4 d5 2. c4 e5 3. dxe5 d4 4. a3 Nc6 5. Bf4 a5 6. Nf3 Nge7 7. h3 Ng6 8. g3
Be6 9. Nbd2 f6 10. exf6 Nxf4 11. fxg7 Bxg7 12. gxf4 Qf6 13. Ng5 Bg8 14. e3 dxe3
15. fxe3 O-O-O 16. Qg4+ Kb8 17. Nge4 Qf8 18. O-O-O Bf7 19. Qf5 Qe8 20. Qb5 Rxd2
21. Nxd2 Qxe3 22. Bg2 Nd8 23. Rhf1 c6 24. Qxa5 Bxc4 25. Rf3 Qd4 26. Nxc4 Qxc4+
27. Kb1 Bf6 28. Qf5 Qe2 29. Qc2 Re8 30. Rfd3 Qxc2+ 31. Kxc2 Ne6 32. f5 Nf4 33.
R3d2 Re5 34. Rf1 Rxf5 35. Be4 Rc5+ 36. Kb1 Be5 37. h4 h5 38. Rg1 Rc4 39. Bc2
Nd5 40. Bb3 Rxh4 41. Bxd5 cxd5 42. Rxd5 Bf6 43. Rg6 Rh1+ 44. Ka2 Be7 45. Re6
1-0

[Event "British Championship"]
[Site "Torquay"]
[Date "2009.07.30"]
[Round "4.31"]
[White "Tunks, Dominic"]
[Black "Birtwistle, Nigel"]
[Result "1/2-1/2"]
[WhiteElo "2083"]
[BlackElo "2186"]
[PlyCount "118"]
[EventDate "2009.07.27"]
[EventRounds "11"]
[EventCountry "ENG"]

1. Nf3 c5 2. b3 Nf6 3. Bb2 d6 4. c4 g6 5. g3 Bg7 6. Bg2 O-O 7. O-O Nc6 8. d4
cxd4 9. Nxd4 Bd7 10. Nc3 Qc8 11. Rc1 Nxd4 12. Qxd4 Bc6 13. e4 Nxe4 14. Nd5 Bxd4
15. Nxe7+ Kg7 16. Bxd4+ f6 17. Nxc8 Rfxc8 18. Rfd1 Ng5 19. Rc3 Bxg2 20. Kxg2
Re8 21. h4 Nf7 22. g4 h6 23. Kg3 g5 24. f4 gxh4+ 25. Kf3 a6 26. Rh1 Rac8 27.
Rxh4 Re1 28. Rh5 Rf1+ 29. Ke4 Kg6 30. Re3 Re8+ 31. Kd3 Rxe3+ 32. Kxe3 Re1+ 33.
Kd3 Rd1+ 34. Ke4 Re1+ 35. Kd5 Rd1 36. Rf5 Ne5 37. fxe5 dxe5 38. Ke6 exd4 39.
Rxf6+ Kg5 40. c5 d3 41. Rf2 Re1+ 42. Kd6 Re2 43. Rf3 d2 44. Rd3 Kxg4 45. Kc7
Re7+ 46. Kb6 h5 47. Rxd2 h4 48. c6 bxc6 49. Kxa6 Rh7 50. Kb6 h3 51. Rh2 Kg3 52.
Rh1 Kg2 53. Rc1 h2 54. a4 h1=Q 55. Rxh1 Rxh1 56. Kxc6 Rb1 57. a5 Rxb3 58. a6
Ra3 59. Kb7 Rxa6 1/2-1/2

[Event "British Championship"]
[Site "Torquay"]
[Date "2009.07.30"]
[Round "4.33"]
[White "Rocks, Daniel"]
[Black "Fitzsimons, David"]
[Result "0-1"]
[WhiteElo "2037"]
[BlackElo "2167"]
[PlyCount "86"]
[EventDate "2009.07.27"]
[EventRounds "11"]
[EventCountry "ENG"]

1. c4 e5 2. Nc3 Bb4 3. g3 Nf6 4. Bg2 O-O 5. Nf3 Re8 6. O-O c6 7. d3 d5 8. cxd5
cxd5 9. Bg5 Nc6 10. Nd2 Be6 11. a3 Be7 12. Rc1 Qd7 13. Nb3 b6 14. e4 dxe4 15.
Bxf6 gxf6 16. Nxe4 Rac8 17. Rc3 f5 18. Ned2 Bf6 19. Rc2 Ne7 20. Nc1 Rxc2 21.
Qxc2 Rc8 22. Qd1 Qc7 23. b3 Qc2 24. Nc4 Qxd1 25. Rxd1 b5 26. Nd6 Rc2 27. Nxb5
a6 28. Nd6 Bg5 29. f4 exf4 30. Bf3 fxg3 31. Ne2 gxh2+ 32. Kh1 Bxb3 33. Nd4 Rb2
34. Re1 Bh4 35. Rc1 Be6 36. Ne2 Nd5 37. Nd4 Ne3 38. Nc4 Bxc4 39. dxc4 Ng4 40.
Ne2 Ne5 41. Nd4 Bf2 42. Nxf5 Nxf3 43. Rd1 f6 0-1

[Event "British Championship"]
[Site "Torquay"]
[Date "2009.07.30"]
[Round "4.34"]
[White "Dines, Sheila"]
[Black "Khandelwal, Ankush"]
[Result "0-1"]
[WhiteElo "1936"]
[BlackElo "2160"]
[PlyCount "108"]
[EventDate "2009.07.27"]
[EventRounds "11"]
[EventCountry "ENG"]

1. e4 d6 2. d4 Nf6 3. f3 Nbd7 4. Bd3 c5 5. c3 g6 6. Ne2 Bg7 7. O-O O-O 8. Kh1
a6 9. a4 b6 10. Be3 Bb7 11. b4 cxb4 12. cxb4 Nh5 13. g4 Nhf6 14. Kg1 h5 15. h3
hxg4 16. hxg4 e6 17. Rf2 Nh7 18. Rh2 f5 19. Nbc3 fxg4 20. fxg4 Ng5 21. Kg2 Rc8
22. Rc1 Qf6 23. Ng1 Rxc3 24. Rxc3 Nxe4 25. Bxe4 Bxe4+ 26. Kg3 e5 27. d5 g5 28.
Rc4 Qg6 29. Rh5 Nf6 30. Rxg5 Qf7 31. Bxb6 Bg6 32. Kh2 Ne4 33. Rxg6 Qxg6 34. Qc2
Rf4 35. Rc8+ Bf8 36. Nh3 Rxg4 37. Qe2 Rh4 38. Qf3 Nf6 39. Bd8 Ng4+ 40. Kg1 Nh6+
41. Kh1 Rxb4 42. Be7 Rb1+ 43. Kh2 Ng4+ 44. Kg3 Nf6+ 45. Kh2 Rb2+ 46. Kh1 Qb1+
47. Ng1 Qh7+ 48. Nh3 Qxe7 49. Ng5 Qg7 50. Qf5 Qh6+ 51. Nh3 e4 52. Qe6+ Kh8 53.
Rc7 Rb1+ 54. Kg2 Qd2+ 0-1

[Event "British Championship"]
[Site "Torquay"]
[Date "2009.07.30"]
[Round "4.35"]
[White "Addison, Bret"]
[Black "Eden, Tomer"]
[Result "0-1"]
[WhiteElo "2266"]
[BlackElo "2157"]
[PlyCount "89"]
[EventDate "2009.07.27"]
[EventRounds "11"]
[EventCountry "ENG"]

1. d4 d5 2. c4 c6 3. Nc3 Nf6 4. cxd5 cxd5 5. f3 e6 6. e4 Nc6 7. e5 Nd7 8. f4
Nb6 9. Nf3 Bd7 10. Bd3 g6 11. O-O Be7 12. Kh1 h5 13. b3 a6 14. a3 Kf8 15. g3
Kg7 16. h3 Rc8 17. Bb2 Na7 18. Rf2 Bc6 19. Kg1 Qd7 20. Rg2 Nb5 21. Nb1 Nc7 22.
g4 hxg4 23. hxg4 Rh3 24. f5 Rch8 25. f6+ Kg8 26. Kf2 Bf8 27. Nc3 Nb5 28. Ne2
Nc4 29. Bc1 Rxf3+ 30. Kxf3 Nxe5+ 31. Kf2 Nxd3+ 32. Qxd3 Nd6 33. Nc3 Ne4+ 34.
Nxe4 dxe4 35. Qe3 e5 36. Bb2 exd4 37. Bxd4 Rh3 38. Rg3 Rh2+ 39. Ke1 Bb5 40. Rd1
Re2+ 41. Qxe2 Bxe2 42. Kxe2 Qb5+ 43. Kf2 Bc5 44. g5 Bxd4+ 45. Rxd4 0-1

[Event "British Championship"]
[Site "Torquay"]
[Date "2009.07.30"]
[Round "4.36"]
[White "Rudd, Jack"]
[Black "Burrows, Martin"]
[Result "1/2-1/2"]
[WhiteElo "2326"]
[BlackElo "2209"]
[PlyCount "50"]
[EventDate "2009.07.27"]
[EventRounds "11"]
[EventCountry "ENG"]

1. e4 c5 2. Nf3 d6 3. d4 cxd4 4. Nxd4 Nf6 5. Nc3 a6 6. Bg5 e6 7. f4 Nc6 8. Nb3
Be7 9. Qf3 Qc7 10. O-O-O Bd7 11. g4 O-O-O 12. Bg2 h6 13. Bh4 g5 14. fxg5 Ne5
15. gxf6 Nxf3 16. Bxf3 Bf8 17. Bg3 Qb6 18. Nd2 Bc6 19. Rhf1 d5 20. exd5 exd5
21. g5 Bd6 22. Bg4+ Kc7 23. Bf2 Bc5 24. Bg3+ Bd6 25. Bf2 Bc5 1/2-1/2

[Event "British Championship"]
[Site "Torquay"]
[Date "2009.07.30"]
[Round "4.37"]
[White "Jones, Victor GL"]
[Black "McDonnell, James J"]
[Result "1-0"]
[WhiteElo "2076"]
[BlackElo "2023"]
[PlyCount "89"]
[EventDate "2009.07.27"]
[EventRounds "11"]
[EventCountry "ENG"]

1. e4 c5 2. Nf3 Nc6 3. d4 cxd4 4. Nxd4 Nf6 5. Nc3 d6 6. Bg5 e6 7. Qd2 Be7 8. f4
O-O 9. O-O-O Nxd4 10. Qxd4 Qa5 11. Bc4 Bd7 12. e5 dxe5 13. fxe5 Bc6 14. Kb1 Nd5
15. Bxe7 Nxe7 16. Bd3 Ng6 17. Rde1 Rad8 18. Qe3 Qb6 19. Qg5 Qa5 20. h4 h6 21.
Qg3 Rxd3 22. cxd3 Ne7 23. Qf2 Nd5 24. Nxd5 Bxd5 25. b3 Qb5 26. Qc2 a5 27. Ka1
Ra8 28. Qc3 a4 29. b4 a3 30. Rc1 Ra6 31. Rhf1 Bxg2 32. Rg1 Qd5 33. b5 Ra4 34.
d4 Be4 35. Rgd1 Qxb5 36. Qb3 Qa5 37. Rc5 Qa6 38. Rb5 Qa8 39. Qe3 Bc6 40. Rbb1
Bd5 41. Rg1 Qa7 42. Rg4 h5 43. Rxg7+ Kxg7 44. Qg5+ Kf8 45. Qd8+ 1-0

[Event "British Championship"]
[Site "Torquay"]
[Date "2009.07.30"]
[Round "4.38"]
[White "Taylor, Geoffrey P"]
[Black "Garnett, John S"]
[Result "0-1"]
[WhiteElo "2003"]
[BlackElo "2059"]
[PlyCount "68"]
[EventDate "2009.07.27"]
[EventRounds "11"]
[EventCountry "ENG"]

1. e4 c5 2. Nf3 Nc6 3. d4 cxd4 4. Nxd4 g6 5. Nc3 Bg7 6. Be3 Nf6 7. Be2 O-O 8.
O-O d5 9. exd5 Nxd5 10. Nxd5 Qxd5 11. Nxc6 bxc6 12. c3 Rb8 13. Qc1 Qa5 14. b4
Qc7 15. Qa3 Be6 16. Rac1 Rfd8 17. Qa6 Bc8 18. Qxa7 Qxa7 19. Bxa7 Ra8 20. Bb6
Rd2 21. Bf3 Raxa2 22. Bxc6 Rd6 23. b5 Bh6 24. Ra1 Rxa1 25. Rxa1 Be6 26. Bd4 f6
27. Bc5 Rd3 28. Bxe7 Rxc3 29. Bxf6 Rb3 30. Bd4 Bg7 31. Ra8+ Bf8 32. g3 Kf7 33.
Be8+ Kg8 34. b6 Rb1+ 0-1

[Event "British Championship"]
[Site "Torquay"]
[Date "2009.07.31"]
[Round "5.1"]
[White "Howell, David"]
[Black "Trent, Lawrence"]
[Result "1-0"]
[WhiteElo "2614"]
[BlackElo "2471"]
[PlyCount "107"]
[EventDate "2009.07.27"]
[EventRounds "11"]
[EventCountry "ENG"]
[SourceDate "2009.07.31"]

1. e4 e5 2. Nf3 Nc6 3. Bc4 Nf6 4. d3 Be7 5. O-O O-O 6. Re1 d6 7. a4 h6 8. a5 a6
9. Nc3 Bg4 10. h3 Bxf3 11. Qxf3 Nd4 12. Qd1 c6 13. Be3 Re8 14. f4 d5 15. Ba2
Qc7 16. exd5 cxd5 17. fxe5 Qxe5 18. Bf2 Qf4 19. Qc1 Qxc1 20. Raxc1 Bc5 21. Nxd5
Nxd5 22. Bxd5 Rxe1+ 23. Rxe1 Nxc2 24. Re4 Nb4 25. Bxb7 Bxf2+ 26. Kxf2 Nxd3+ 27.
Ke3 Rb8 28. Kxd3 Rxb7 29. b4 f5 30. Rc4 Kf7 31. Kc3 Re7 32. Rc6 Re2 33. Rxa6
Rxg2 34. Rd6 Ke7 35. Rd1 f4 36. Kb3 Rg3+ 37. Ka4 Rg2 38. Kb3 Rg3+ 39. Kb2 Rg2+
40. Ka3 Rg3+ 41. Ka4 Rg2 42. a6 Ra2+ 43. Kb5 g5 44. Kb6 h5 45. Rd5 g4 46. hxg4
hxg4 47. Rd4 g3 48. Rxf4 g2 49. Rg4 Ra4 50. Rxg2 Rxb4+ 51. Ka5 Rb8 52. a7 Rh8
53. Kb6 Kd6 54. Ra2 1-0

[Event "British Championship"]
[Site "Torquay"]
[Date "2009.07.31"]
[Round "5.2"]
[White "Summerscale, Aaron"]
[Black "Jones, Gawain C"]
[Result "0-1"]
[WhiteElo "2454"]
[BlackElo "2554"]
[PlyCount "64"]
[EventDate "2009.07.27"]
[EventRounds "11"]
[EventCountry "ENG"]
[SourceDate "2009.07.31"]

1. Nf3 Nf6 2. c4 g6 3. Nc3 Bg7 4. d4 O-O 5. e4 d6 6. Be2 e5 7. O-O Nc6 8. d5
Ne7 9. Ne1 Nd7 10. Be3 f5 11. f3 f4 12. Bf2 g5 13. a4 Rf6 14. a5 Rh6 15. Kh1
Nf6 16. c5 Qe8 17. Ra3 Qh5 18. Bg1 Qh4 19. Bb5 Nh5 20. Ne2 Ng3+ 21. Nxg3 fxg3
22. Nd3 Ng6 23. c6 Nf4 24. Nxf4 Qxf4 25. Qe1 bxc6 26. Bc4 c5 27. Rb3 Bd7 28.
Qe3 Rxh2+ 29. Bxh2 Qh4 30. Qg1 Rf8 31. Rb7 Rf4 32. Rxc7 Qh6 0-1